000 00609nam a2200217 a 4500
001 BRCA_7009
005 20190320205657.0
008 231111s1938----gw-#######---#000-0#eng-#
041 _aeng
044 _agw
050 4 _aPN6175
_b.A53
_c1938
245 1 0 _aThe Albatross book of English humor
_cSonia Hambourg and R.H. Boothroyd, editors.
260 _aLeipzig, Alemania
_bAlbatross
_c1938
300 _a270 p.
_c18 cm.
500 _aI169
650 1 4 _aHumorismo inglés
_917437
700 1 _aHambourg, Sonia
_eEditor
_917438
700 1 _aBoothroyd, R.H.
_eEditor
_917439
902 _aGFM
942 _2lcc
_cB
999 _c6690
_d6690